000 00519nam a22001937a 4500
003 OSt
005 20240423111721.0
008 240423b |||||||| |||| 00| 0 eng d
020 _a0387952306
040 _cDDC
082 _a501 LIU 2001
100 _aLiu, Jun S.
_916966
245 _aMonte Carlo Strategies in Scientific Computing
260 _aUSA;
_bSpringer,
_c2001
300 _axvi,343p; Ill: 24cm
500 _aReferences, & index included
650 _aMathematical computing
_916967
942 _2ddc
_cO_SHELF
999 _c8304
_d8304